| 000 | 00434nam a22001697a 4500 | ||
|---|---|---|---|
| 003 | CEME | ||
| 005 | 20210628203333.0 | ||
| 008 | 210305b xxu||||| |||| 00| 0 eng d | ||
| 040 | _c. | ||
| 082 | _a954.915 MAN | ||
| 100 |
_aKundi, Mansoor Akbar _964818 |
||
| 245 | _aBalochistan, hope and despair | ||
| 260 |
_aPAKISTAN _bISLAMIC PUBLICATIONS _c2002 |
||
| 300 | _a144P | ||
| 650 |
_aPAKISTAN-BALOCHISTAN _964819 |
||
| 942 |
_cBK _2ddc |
||
| 999 |
_c573201 _d573201 |
||